000 01528nam a2200337 a 4500
001 ebr10194638
003 CaPaEBR
006 m u
007 cr cn|||||||||
008 050802s2006 ilua sb 001 0 eng
010 _z 2005022408
020 _z0838909108 (pbk.)
040 _aCaPaEBR
_cCaPaEBR
035 _a(OCoLC)299752158
050 1 4 _aZ674.75.W67
_bW47 2006eb
082 0 4 _a006.7/6
_222
100 1 _aWestman, Stephen R.
245 1 0 _aCreating database-backed library Web pages
_h[electronic resource] :
_busing open source tools /
_cStephen R. Westman.
260 _aChicago :
_bAmerican Library Association,
_c2006.
300 _axii, 268 p. :
_bill.
504 _aIncludes bibliographical references and index.
505 0 _aIntroduction -- Databases basics -- Setup and administration -- Introduction to programming -- Creating reports -- Project design -- Programming the application -- Security-related techniques -- Creating public interfaces -- Development procedures.
533 _aElectronic reproduction.
_bPalo Alto, Calif. :
_cebrary,
_d2013.
_nAvailable via World Wide Web.
_nAccess may be limited to ebrary affiliated libraries.
650 0 _aLibrary Web sites
_xDesign.
650 0 _aWeb databases.
650 0 _aWeb site development.
650 0 _aOpen source software.
655 7 _aElectronic books.
_2local
710 2 _aebrary, Inc.
856 4 0 _uhttp://site.ebrary.com/lib/rucke/Doc?id=10194638
_zAn electronic book accessible through the World Wide Web; click to view
999 _c220418
_d220418